| 000 | 00732nam a2200193 4500 | ||
|---|---|---|---|
| 003 | LK-CoMWRAF | ||
| 005 | 20231217180059.0 | ||
| 008 | 231217b |||||||| |||| 00| 0 eng d | ||
| 040 |
_aLK-CoMWRAF _dLK-CoMWRAF _eLK-CoMWRAF |
||
| 041 | _asin | ||
| 082 |
_a305.69 _bMAR |
||
| 100 | _aමරිකාර්, ඒ. අයි. එල්. | ||
| 110 | _aලෆීර්, ඒ. එල්. එම් | ||
| 245 | _aශ්රී ලංකා යෝනකවරුන්ගේ අතීත පියසටහන් | ||
| 246 | _aSri lanka yonakawarunge atheetha piyasatahan | ||
| 260 |
_aකොළඹ : _bයෝනක ඉස්ලාමීය සංස්කෘතික නිකේතනය, |
||
| 650 | _aයෝනක | ||
| 942 | _cBK | ||
| 999 |
_c4502 _d4502 |
||